000
00409nam a22001697a 4500
003
MPLRDC
005
20220104144103.0
008
210129b ||||| |||| 00| 0 eng d
082
_a
245.2 TX
100
_a
考门夫人编
245
_a
荒漠甘泉
_c
唐醒译
250
_a
初版
260
_a
_b
晨星出版社
_c
1985
300
_b
平
650
_a
讲道; 传道--讲道集
942
_c
BK
_o
245.2 TX
999
_c
46243
_d
46233